000 01472nam0a2200277 4500
001 RU\NLR\DIGIT\10931
005 20250613201451.0
035 _a(NLR Aleph) 010113269
090 _a9974510
_c9974510
100 _a20040109d1829 |||y0rusy50 ca
101 0 _arus
102 _aRU
135 _acrgn 008aaaba
200 1 _aБлагочестивое говеющих занятие, или Канон Андрея Критскаго Иерусалимита, преложенный стихами Церкви Св. Равноапостольных царей Константина и Елены, что при Градских Богадельнях, лишенным зрения священником Гавриилом Пакатским
210 _aСанкт-Петербург
_gТип. Ген. Штаба
_d1829
215 _aVI, 114 с.
325 _aКопия доступна в Электрон. б-ке РНБ http://vivaldi.nlr.ru/bx000000668/view
604 0 _12001#$aКанон$fАндрей, архиеп. Критский
_1700#0$aАндрей$cархиеп. Критский
700 1 _aПакатский
_bГ. А.
_f1756-1830
_gГавриил Авраамович
_4070
801 2 _aRU
_bNLR
_c20080425
_2rusmarc
852 _aNLR
_j18.82.5.24
942 _cBOOK
980 _aNB
981 2 0 _a(20) Книжные памятники РНБ
_b(20) Русский книжный фонд